Modelovanie pokrytia územia 5G technológiou

Na minha lista:
Detalhes bibliográficos
Autor principal: Benčík, Mário (Author)
Outros Autores: Baroňák, Ivan (Thesis advisor)
Formato: Manuscrito Livro
Idioma:eslovaco
Publicado em: Bratislava : STU v Bratislave FEI, 2021
Assuntos:
Acesso em linha:https://opac.crzp.sk/?fn=detailBiblioForm&sid=1D055279E2D1258CB975291E7F1A&seo=CRZP-detail-kniha
Tags: Adicionar Tag
Sem tags, seja o primeiro a adicionar uma tag!

MARC

LEADER 00000ntm a22000003a 4500
001 stuzp82442
003 SK-STU
005 20211129103810.2
007 ta
008 150427s2015----xo-----f-mn---000-0-slo-d
040 |a STU  |b slo 
041 0 |a slo 
044 |a xo 
100 1 |a Benčík, Mário  |u 037000  |4 aut  |U FEI Fakulta elektrotechniky a informatiky  |T FEI Ústav multimediálnych informačných a komunikačných technológií  |X 79474  |U E070  |Y 818  |7 79474 
242 0 1 |a Modeling of area coverage with 5G technology  |y eng 
245 1 0 |a Modelovanie pokrytia územia 5G technológiou 
260 |a Bratislava :  |b STU v Bratislave FEI,  |c 2021 
300 |a 77 s. 
650 4 |a mmWave  |2 slo 
650 4 |a 5G  |2 slo 
650 4 |a Rozpočet linky  |2 slo 
650 4 |a Tlmenie trasy  |2 slo 
650 4 |a mMIMO  |2 slo 
650 4 |a 5G  |2 eng 
650 4 |a Link Budget  |2 eng 
650 4 |a Path Loss  |2 eng 
650 4 |a mmWave  |2 eng 
650 4 |a mMIMO  |2 eng 
700 1 |a Baroňák, Ivan  |u 037000  |k Z1  |4 ths  |U FEI Fakulta elektrotechniky a informatiky  |T FEI Ústav multimediálnych informačných a komunikačných technológií  |X 1925  |U E070  |Y 818  |7 A000001925 
856 4 |u https://opac.crzp.sk/?fn=detailBiblioForm&sid=1D055279E2D1258CB975291E7F1A&seo=CRZP-detail-kniha